000 00438ntaaa2200181 4500
003 01
005 20251027201808.0
008 0714s1973 ag 01
040 _aAR-BaBN
_bspa
_cAR-BaBN
_eaacr
_dRIC
082 _a242.1000 K32i
100 _aKempis, Thomas A
245 _aThe imitation of Christ
250 _a1 ed.
260 _aNew York :
_bBooks,
_cs.f.
300 _axiii, 230 p ;
_c19 cm
650 _avida cristiana
942 _cBK
999 _c12615
_d12615